Volver a empezar
Gorde:
| Egile Nagusiak: | , |
|---|---|
| Formatua: | Liburua |
| Hizkuntza: | gaztelania |
| Argitaratua: |
Santiago
Pehuén
1987
|
| Saila: | Colección Testimonio
|
| Gaiak: | |
| Etiketak: |
Etiketa erantsi
Etiketarik gabe, Izan zaitez lehena erregistro honi etiketa jartzen!
|
MARC
| LEADER | 00000nam a2200000 a 4500 | ||
|---|---|---|---|
| 001 | UCW8602 | ||
| 003 | CL-VaPUC | ||
| 008 | 881007e19870000CL |||||||||||||||||spa|d | ||
| 082 | 0 | 4 | |a 323.64 |b CEL |2 21 |
| 100 | 0 | |a Celedón, María Angélica |e author |9 313830 | |
| 700 | 0 | |a Opazo, Luz María |e author |9 313831 | |
| 245 | 1 | 0 | |a Volver a empezar |
| 300 | |a 169 p | ||
| 942 | |c BK | ||
| 945 | |d 19881007 00:00:00 | ||
| 260 | |a Santiago |b Pehuén |c 1987 | ||
| 650 | 7 | |a EXILIADOS |2 CL-VaPUC |9 313832 | |
| 650 | 0 | |a Relatos personales |9 255122 | |
| 651 | 7 | |a CHILE |2 CL-VaPUC |9 313833 | |
| 583 | |a last modification |c 19881007 00:00:00 |k Rodrigo Vera | ||
| 490 | 0 | |a Colección Testimonio | |
| 999 | |c 220933 |d 220931 | ||
| 952 | |0 0 |1 0 |4 0 |6 323_640000000000000_CEL_1987 |7 0 |8 A |9 213767 |a BIBEDU |b BIBEDU |d 2019-11-15 |i 2820617 |o 323.64 CEL 1987 |p 2820617 |r 2019-11-15 |w 2019-11-15 |y BK |k LIT | ||